Government and private education in the North-East India : (Record no. 75287)

MARC details
000 -LEADER
fixed length control field 01011nam a22002537a 4500
005 - DATE AND TIME OF LATEST TRANSACTION
control field 20130509103238.0
010 ## - LCCN (DPL NO)
LC control number ENG-107077
020 ## - INTERNATIONAL STANDARD BOOK NUMBER
International Standard Book Number 9789350182550
Terms of availability 1195.00
020 ## - INTERNATIONAL STANDARD BOOK NUMBER
International Standard Book Number 9350182556
Terms of availability 1195.00
035 ## - SYSTEM CONTROL NUMBER
System control number EN-90610
037 ## - SOURCE OF ACQUISITION
Source of stock number/acquisition DBAD/PUB
082 04 - DEWEY DECIMAL CLASSIFICATION NUMBER
Classification number 373.120954166
Edition number 23
100 0# - MAIN ENTRY--PERSONAL NAME
Personal name Lalnuntluangi.
245 10 - TITLE STATEMENT
Title Government and private education in the North-East India :
Remainder of title with special reference to Mizoram /
Statement of responsibility, etc by Lalnuntluangi
260 ## - PUBLICATION, DISTRIBUTION, ETC. (IMPRINT)
Place of publication, distribution, etc New Delhi
Name of publisher, distributor, etc Readworthy Publications
Date of publication, distribution, etc 2012
270 ## - ADDRESS
Address B-65 Mansa Ram Park Near Master Palace
City New Delhi
Postal code 110059
300 ## - PHYSICAL DESCRIPTION
Extent xviii, 282p. :
Other physical details ill.
Dimensions 23cm(Hb)
490 0# - SERIES STATEMENT
Series statement Readworthy series of North-East India studies -3
500 ## - GENERAL NOTE
General note Includes bibliographical references (p. [263]-276) and index.
650 #0 - SUBJECT ADDED ENTRY--TOPICAL TERM
Topical term or geographic name as entry element High schools
Geographic subdivision India
-- Mizoram
General subdivision Administration.
650 #0 - SUBJECT ADDED ENTRY--TOPICAL TERM
Topical term or geographic name as entry element Public schools
Geographic subdivision India
-- Mizoram
General subdivision Administration.
650 #0 - SUBJECT ADDED ENTRY--TOPICAL TERM
Topical term or geographic name as entry element Private schools
Geographic subdivision India
-- Mizoram
General subdivision Administration.
942 ## - ADDED ENTRY ELEMENTS (KOHA)
Source of classification or shelving scheme Dewey Decimal Classification
Item type English Books
Classification part 373.120954166
Call number suffix LAL
Holdings
Withdrawn status Lost status Not for loan Collection code Home library Current library Date acquired Source of acquisition Cost, normal purchase price Full call number Barcode Copy number Cost, replacement price Koha item type
    Not For Loan Non-fiction D.B.Act.Division D.B.Act.Division 09/05/2013 DBAD/PUB 1195.00 373.120954166 LAL EN-90610 1 1195.00 English Books

© Delhi Public Library
Hit Counter
free hit counter